Inglš oral y escrito en el comercio internacional

Detalles Bibliográficos
Autor principal: Přez Len̤, Eva Mara̕
Formato: eBook
Lenguaje:español
Publicado: Bogot:̀ Ediciones de la U, 2019
Materias:
Acceso en línea:Acceso restringido

MARC

LEADER 00000nam a22000007a 4500
005 20220920232150.0
007 cr|||| ||||
008 220920s2019 co |||||s|||| 00||0 spa d
020 |a 978-958-792-054-3 
035 |a 37234 
040 |a vLex 
090 |c 13990  |d 13990 
100 1 |a Přez Len̤, Eva Mara̕ 
245 1 0 |a Inglš oral y escrito en el comercio internacional  |h [Recurso electrn̤ico] /  |c Eva Mara̕ Přez Len̤ 
256 |a Servicio en ln̕ea 
260 |a Bogot:̀  |b Ediciones de la U,  |c 2019 
300 |a 1 recurso electrn̤ico 
506 1 |a Disponible solo en los productos indicados  |d vLex Global  |d vLex Global (Academic Edition, excluding Law Schools)  |d vLex Global (U.S. Academic Edition, Law Schools)  |d vLex Global (U.S. Academic Edition, excluding Law Schools)  |d vLex Global (Academic Edition, Law Schools) 
650 0 4 |a Economa̕ y negocios  |z Colombia 
740 0 |a vLex Libros (Servicio en ln̕ea) 
856 4 0 |u https://app.vlex.com/#/sources/37234  |z Acceso restringido 
942 |c BOOK 
999 0 |a Economy and business